Países mais próximos de San Marino - Statistics

Estatísticas Gerais
  • Esse quiz foi jogado 93 vezes
  • A pontuação média é 16 de 20
Estatísticas das Respostas
km país % Correto
0 Itália
99%
259 França
96%
221 Vaticano
93%
388 Alemanha
92%
186 Eslovénia
91%
310 Suíça
91%
141 Croácia
89%
291 Áustria
87%
571 Eslováquia
87%
457 Mônaco
87%
271 Bósnia e Herzegovina
84%
421 Hungria
84%
524 Sérvia
84%
622 Kosovo
78%
587 Albânia
75%
409 Liechtenstein
74%
495 Montenegro
74%
695 Macedónia do Norte
72%
653 Romênia
64%
526 Chéquia
28%
Nenhum quiz correspondente encontrado
Distribuição das Pontuações
Porcentagem de Pessoas com Cada Pontuação
Percentil de Números Respondidos
Sua Pontuação Histórica
Você não jogou esse quiz